| 000 | 01149nam a2200253 i 4500 | ||
|---|---|---|---|
| 001 | 45371 | ||
| 003 | ES-MaACL | ||
| 005 | 20250910212612.0 | ||
| 007 | t| | ||
| 008 | 030325s1977 sp ||||1| spa d | ||
| 110 | 2 |
_aUniversité de Pau et des pays de l'Adour. _bSeminaire d'études des XIXéme et XXéme siécles. _bColloque ( _n8º. _cPau) _9171752 |
|
| 245 | 1 | 0 |
_aDe la crisis del Antiguo Régimen al franquismo. _n1 / _cVII Coloquio de Pau ; Manuel tuñón de Lara... [et al.] ; coordinación, Juan Falces. |
| 260 |
_aMadrid : _bCuadernos para el Diálogo, _c1977. |
||
| 300 |
_a1 v. (276 p. : _bil.) ; _c21 cm. |
||
| 490 | 1 | _aColección I.T.S. [Instituto de Técnicas Sociales] | |
| 505 | 1 | _aV. 1. Crisis del Antiguo Régimen e industrialización en la España del siglo XIX | |
| 651 | 0 |
_aEspaña- _xHistoria- _yS.XIX- _vCongresos y asambleas. _98353 |
|
| 700 | 0 |
_aTuñón de Lara, Manuel, _d1915-1997 _9111681 |
|
| 700 | 1 |
_aFalces, Juan. _948690 |
|
| 710 | 2 |
_aCuadernos para el Diálogo. _93333 |
|
| 830 | 1 |
_aColección I.T.S. [Instituto de Técnicas Sociales] _9179830 |
|
| 852 |
_aES-MaACL _jL-2663 |
||
| 999 |
_c45371 _d45371 |
||